000 00782cam a2200205 4500500
005 20251012020102.0
041 _afre
042 _adc
100 1 0 _aTalhik, Daoud
_eauthor
700 1 0 _a Zhar, Hajar
_eauthor
700 1 0 _a Adouani, Badr
_eauthor
700 1 0 _a Tadlaoui, Yasmina
_eauthor
700 1 0 _a Lamsaouri, Jamal
_eauthor
700 1 0 _a Bousliman, Yassir
_eauthor
245 0 0 _aAssessing patient knowledge regarding teratogenic risks of methotrexate: experience from Mohamed V Military Instruction Hospital in Rabat
260 _c2025.
500 _a79
786 0 _nJournal de Pharmacie Clinique | 44 | 2 | 2025-06-13 | p. 69-76 | 0291-1981
856 4 1 _uhttps://shs.cairn.info/revue-journal-de-pharmacie-clinique-2025-2-page-69?lang=fr&redirect-ssocas=7080
999 _c1534040
_d1534040